000 00308nam a22001217a 4500
999 _c3008
_d3008
005 20200925143239.0
008 200925b ||||| |||| 00| 0 eng d
020 _a360001491
040 _cCML
245 _aThe Return.
_cBrown, J.A.
260 _aCape Town
_bPurnell & Sons Ltd.
_c1971
942 _2ddc
_cBK
_kF
_mBRO